00745nam a2200205 a 450000100100000000500170001000800410002704000250006808200150009310000280010824501050013626000610024130000210030250000340032365000210035765000220037804900090040095201130040999900170052200002613320240517200444.0101013s1960 xxu 000 | spa d aDO-SdBNPbspacBNPHU a230bP398c1 aPendleton, J.M.,95310110aCompendio de teologia cristiana /cJ.M. Pendleton ; traducido al castellano por Alejandro Treviño. aEl Paso, Texas :bCasa Bautista de Publicaciones,c1960. a413 p. ;c19 cm. aIncluye índice alfabético 0aTeología92174 0aCristianismo9885 aBNPD 001050718MOaGRbGRcCTd2011-03-02iLF1l0o230 P398cp26133-10r2020-06-25w2020-06-25y1ZNo se presta c25625d25625